if you want 1d back answer these questions - Statistics

General Stats
  • This quiz has been taken 490 times
  • The average score is 11 of 15
Answer Stats
Questions for directioners The answers % Correct
who said this famous quote ' and... i'm Jennifer' Louis
99%
(Niall: Help, Help) 'supermAaaaAn' who said it? Louis
99%
Who is thought as the baby of the band? Niall
97%
Who came up with the name one direction? Harry
94%
What is the name of their third album? Midnight Memories
90%
Was this album including zayn? Yes
87%
niall's favourite restaurant? Nando's
78%
Name all the 1d members oldest to youngest (formers included) Louis, Zayn, Liam, Niall, Harry
67%
What is liam's and zayn's favourite colour? Purple
64%
What month did the remaining boys go on hiatus to focus on their solo careers? August
62%
What religion is Zayn? Muslim
59%
What countries are the members of one direction from? England, Ireland
48%
Louis' first solo song? Just Hold On
46%
Louis favourite colour? (light/dark colour) dark red
36%
Where was Niall born? Mullingar, Ireland
27%
No matching quizzes found
Score Distribution
Percent of People with Each Score
Percentile by Number Answered
Your Score History
You have not taken this quiz